Vplyv Thonetovcov na sociálne, ekonomické a kultúrne pomery vo Veľkých Uherciach

Bibliographic Details
Main Author: Ontko, Miroslav (Author)
Format: Book
Language:Slovak
PhysicalDescription:67 strán faksimile, fotografie, ilustrácie 24 cm
Published: Veľké Uherce Obec Veľké Uherce 2019
ISBN:9788057014621
Subjects:

MARC

LEADER 00000cam a2200000 4500
001 vtls012078665
003 SK-MaSNL
005 20260301104422.0
008 230501s2019 xo hoc grhn 000 0cslo
015 |a SNBA2022/06 
020 |a 9788057014621  |q (brožované) 
035 |a urn:nbn:sk:snk-am00ierj 
035 |a 6553574B-F692-4928-989D-CE4F04D7F72E 
040 |a SNK  |b slo  |c SNK  |e rda 
041 0 |a slo 
043 |a e-xo--- 
044 |a xo  |c SK 
072 7 |a 929  |x Biografie  |2 konspekt 
080 |a 929.5  |2 2011 
080 |a 911.375(091)  |2 2011 
080 |a (437.6)  |2 2011 
080 |a 929(092)  |2 2011 
080 |a (048.8)  |2 2011 
100 1 |a Ontko, Miroslav  |4 aut  |9 443121 
245 1 0 |a Vplyv Thonetovcov na sociálne, ekonomické a kultúrne pomery vo Veľkých Uherciach  |c Miroslav Ontko 
246 3 4 |a Thonetovci vo Veľkých Uherciach 
264 1 |a Veľké Uherce  |b Obec Veľké Uherce  |c 2019 
300 |a 67 strán  |b faksimile, fotografie, ilustrácie  |c 24 cm 
336 |a text  |b txt  |2 rdacontent 
336 |a statický obraz  |b sti  |2 rdacontent 
337 |a bez média  |b n  |2 rdamedia 
338 |a zväzok  |b nc  |2 rdacarrier 
366 |e 500 kusov 
504 |a Obsahuje bibliografiu, bibliografické odkazy 
600 1 7 |a Thonet, Michael,  |d 1796-1871  |2 SNKMA  |9 53214 
600 3 7 |a Thonetovci (rod)  |2 SNKMA  |9 411853 
650 0 7 |a rody  |2 SNKPH  |9 4981 
650 0 7 |a Families  |2 SNKPHeng  |9 337620 
650 0 7 |a dejiny obcí  |2 SNKPH  |9 164834 
650 0 7 |a History of municipalities  |2 SNKPHeng  |9 302507 
651 7 |a Veľké Uherce (Slovensko)  |2 SNKPHgeo  |9 91285 
651 7 |a Veľké Uherce (Slovakia)  |2 SNKPHeng  |9 443122 
655 7 |a biografie  |2 SNKPH  |9 27965 
655 7 |a Biography  |2 SNKPHeng  |9 266314 
655 7 |a Monographs  |2 SNKPHeng  |9 120675 
655 7 |a monografie  |2 SNKPH  |9 70139 
852 |a Slovenská národná knižnica 
919 |a 978-80-570-1462-1 
954 |a odborná, vedecká literatúra pôvodná (slovenská)  |2 lita 
958 |a NB 
958 |a BC 
999 |c 698039  |d 699969 
952 |a SNK  |b SNK  |y PREZ  |7 0  |p 17A1469836  |o snkSC 195642  |i snk2021/19086  |8 0  |0 0  |1 0  |4 0  |d 2021-11-25  |f 1  |l 0  |r 2025-10-15 00:00:00  |w 2026-02-23 
952 |a SNK  |b SNK  |y VYP  |7 0  |p 17A1469837  |o snkSC 195642 D1  |i snk2021/19088  |8 0  |0 0  |1 0  |4 0  |d 2021-11-25  |l 0  |r 2026-02-23 20:48:03  |w 2026-02-23